01133 a2200241 4500003000500000005001700005010001600022020001700038040000900055082001700064100002500081245003000106260003600136300003900172490006500211505018200276650003400458942002600492999001900518952010400537952012500641952012500766Nust20230726113623.0 a 75314658 a0713132620 : cNust00a621.3822,CON1 aConnor, F. R.94147810aSignals / cF. R. Connor. aLondon :bEdward Arnold,c1972. a[1], vii, 110 p. :bill. ;c22 cm.0 aHis Introductory topics in electronics and telecommunication aIntroduction (Page-1), Analysis of A Signal (Page-11), Network Response (Page-39), Transmission of Signals (Page-56), Signal Techniques (Page-64), Information Theory (Page-79).  0aTelecommunication Engineering 2ddccBKk621.3822,CON c182693d182693 00102ddc40708NFICaMCSbMCSd2016-12-12l0o621.3822 CONpMCS21690r2016-12-08w2016-12-12yBK 00102ddc4070aMCSbMCScGENd2016-12-12o621.3822,CONpMCS5139r2016-12-08w2016-12-12yBKzAlmirha No 83, Shelf No 3 00102ddc4070aMCSbMCScGENd2016-12-12o621.3822,CONpMCS5140r2016-12-08w2016-12-12yBKzAlmirha No 83, Shelf No 3